000 00932nam0a22003011 4500
001 v19\rc\1939275
005 20251118180811.6
035 _a(NLR Aleph) 005023019
090 _a6609470
_c6609470
100 _a20080404d1913 u y0rusy50 ca
101 0 _arus
102 _aRU
105 _ay z |||||
200 1 _aТеория словесности
_eКурс 4 класса сред.-учеб. заведений М.Н.Пр.
_fС. Алексеев
210 _aСанкт-Петербург
_aКиев
_cСотрудник
_d1913
_eКиев
215 _a[2], VI, 102 с.
_d24
700 1 _aАлексеев
_bС.
801 0 _aRU
_bNLR
_gpsbo
801 0 _aRU
_bRuMoRGB
_2psbo
801 1 _aRU
_bProSoft-M
_2rusmarc
852 _aNLR
_j37.43.5.9
899 _aRuMoRGB
_jA 194/457
899 _aRuMoRGB
_jW 528/49
899 _aRuMoRGB
_jU 114/481
899 _aRuMoRGB
_jРб 8/477
899 _aБАН
942 _cBOOK
980 _aNB